000 01348cam a22003131i 4500
003 SA-RiAUC
005 20250715060507.0
008 250714s1991 su g b 000r0bara c
040 _aSA-EnSBSSC
_bara
_cSA-RiAUC
_erda
082 0 4 _a922.113
_qSA-RiAUC
090 _a922.113
_b ج ف ر
100 1 _aالجفري، محمد علي حسن
_eمؤلف.
245 1 2 _aالشيخ عبد الله عبد الغني خياط :
_bالخطيب في المسجد الحرام /
_cمحمد علي حسن الجفري.
250 _aالطبعة الأولى.
264 1 _aجدة، السعودية :
_bمؤسسة عكاظ للصحافة والنشر،
_c1991
300 _a158 صفحة ؛
_c21 سم.
336 _aنص
_btxt
_2rdacontent
_3كتاب
337 _aبدون وسيط
_bn
_2rdamedia
338 _aمجلد
_bnc
_2rdacarrier
490 0 _aسلسلة عكاظ
490 1 _aسلسلة الإعلام ؛
_v2
504 _aببليوجرافية : صفحة 155-158.
600 1 7 _aخياط، عبد الله عبد الغني،
_d1326-1415 هجري
_2aucnm
650 7 _aالدعاة السعوديون
_vتراجم
_2aucsh
650 7 _aالمسلمون
_vتراجم
_2aucsh
830 0 _aسلسلة الإعلام / مؤسسة عكاظ للصحافة والنشر
_v2
942 _2ddc
_cBOOK
_n0
949 _aSA-JeALM
_d250714
_umohamedma123
_n1
999 _c9922
_d9922